000 00888nam a22001937a 4500
999 _c61373
_d61373
005 20240328143410.0
008 240226s2014 ru ||||| |||| 00| 0 rus d
020 _a9785883373298
041 _aru
080 _a811.161.1 Я-74
100 _aЯркина, Л. П.
_921295
245 _aРазговоры о жизни :
_bУчебный комплекс по развитию речи для иностранцев, изучающих русский язык. Контрольные материалы /
_cЯркина Л. П., Пугачев И. А.
264 _aМосква,
_c2014.
300 _a88 стр.
_b26 см.
653 _aსაუბრები ცხოვრებაზე
653 _aრუსული ენა უცხო სტუდენტებისათვის
700 _aПугачев, И. А.
_eავტორი
_921296
942 _2udc
_cQSR